00322 2200145 4500001002100000005001500021035002000036245003800056100001400094300001200108260002200120082000800142084001400150990001200164INLIS00000000000252720250604120043 a0010-06250001131 aTanaman Apotek Hidup /cSugeng HR0 aSugeng HR a106 hlm bAneka Ilmu,c2001 a600 a600 SUG t a0712316